Το ανομολόγητο ζήτημα των μειονοτήτων στην ελληνική έννομη τάξη
Το κρίσιμο θέμα των μειονοτήτων στη χώρα μας, από τη σκοπιά των ανθρωπίνων δικαιωμάτων. Το ανομολόγητο: "αυτό που δεν είναι δυνατό να ανακοινώσει κάποιος", "αυτό που δεν παραδεχόμαστε", το "αφανέρωτο", το "κρυφό", "αυτό που δεν μπορεί εύκολα να περιγραφεί...
Saved in:
| Other Authors: | |
|---|---|
| Format: | Book |
| Language: | Greek |
| Published: |
Αθήνα :
Κριτική,
2008
|
| Series: | Κέντρο Ερευνών Μειονοτικών Ομάδων: Σειρά Μελετών ;
; 10 |
| Subjects: | |
| Tags: |
Add Tag
No Tags, Be the first to tag this record!
|
MARC
| LEADER | 00000nam a2200000 i 4500 | ||
|---|---|---|---|
| 001 | 1/45856 | ||
| 008 | 140410s2008 gre d | ||
| 020 | |a 978-960-218-602-2 | ||
| 035 | |l 10117373 | ||
| 040 | |a GR-MY-UA |b gre |e aacr | ||
| 041 | 0 | |a gre | |
| 082 | 0 | |a 305.809495 |2 (23) | |
| 245 | 1 | 3 | |a Το ανομολόγητο ζήτημα των μειονοτήτων στην ελληνική έννομη τάξη / |c επιμέλεια: Δημήτρης Χριστόπουλος |
| 260 | |a Αθήνα : |b Κριτική, |c 2008 | ||
| 300 | |a 216 σ.; |c 21 εκ. | ||
| 490 | 1 | |a Κέντρο Ερευνών Μειονοτικών Ομάδων: Σειρά Μελετών |v ; 10 | |
| 504 | |a Περιέχει βιβλιογραφία | ||
| 520 | |a Το κρίσιμο θέμα των μειονοτήτων στη χώρα μας, από τη σκοπιά των ανθρωπίνων δικαιωμάτων. Το ανομολόγητο: "αυτό που δεν είναι δυνατό να ανακοινώσει κάποιος", "αυτό που δεν παραδεχόμαστε", το "αφανέρωτο", το "κρυφό", "αυτό που δεν μπορεί εύκολα να περιγραφεί ή να αναφερθεί λόγω ακαταλληλότητας του περιεχομένου του". Δύσκολα μπορεί κανείς να βρει πιο κατάλληλη εφαρμογή και χρήση του όρου απ? ό,τι στα ζητήματα που άπτονται της ιστορίας και της θέσης των μειονοτήτων στην ελληνική έννομη τάξη. Η αποκάλυψη του ανομολόγητου συχνά είναι μια επώδυνη διαδικασία. Όχι μόνο γιατί μας εξοικειώνει με τα ανείπωτα, αλλά κυρίως διότι απομυθοποιεί όσα έχουμε μάθει... Απέναντι στη μετεμφυλιακά επιβεβλημένη αποσιώπηση που κυριάρχησε στη χώρα μας στο θέμα των μειονοτήτων ή, αντιστρόφως, απέναντι στον καθαγιασμό του δικαιώματος στη διαφορά και άλλα πομπώδη με τα οποία εξοικειωθήκαμε εσχάτως στην Ευρώπη -έστω και για λόγους πολιτικής ρητορικής-, το κρίσιμο διακύβευμα σε σχέση με τις μειονότητες είναι τα απλά, γνωστά σε όλους αλλά και για όλους, δικαιώματα των ανθρώπων. Όλων των ανθρώπων. Αυτό είναι τo "ανοιχτό" συμπέρασμα που συνάγεται από τα κείμενα του συλλογικού αυτού τόμου. | ||
| 650 | 0 | 0 | |a Minorities |z Greece. |
| 650 | 0 | 0 | |a Minorities |x Legal status, laws, etc. |z Greece. |
| 700 | 1 | |a Χριστόπουλος, Δημήτρης. |4 edt | |
| 830 | 0 | |a Κέντρο Ερευνών Μειονοτικών Ομάδων: Σειρά Μελετών ; |v ; 10 | |
| 852 | |a INST |b LESVOS |e 20140410 |h 305.809495 ΑΝΟ |p 005100053992 |q 005100053992 |t BK |y 0 | ||
| 901 | |a BIBL1-2014-1 | ||
| 909 | |a Λ |b 179524 | ||
| 922 | |a 1ΕΛΗ |b 201306 |c ΤΜΗΜΑ ΚΟΙΝΩΝΙΚΗΣ ΑΝΘΡΩΠΟΛΟΓΙΑΣ ΚΑΙ ΙΣΤΟΡΙΑΣ |d ΙΩΑΝΝΙΔΟΥ | ||
| 970 | |a ΤΖΑΦΕΡΗ |b ΕΥΑΓΓΕΛΙΑ |z 2014/04/10 | ||